000 01191cam a22002295a 4500
001 L160163
008 180910s2018 xxk f 000 0 eng d
035 _a(Sirsi) u160163
041 0 _aeng
110 2 _aCluttons
_92064
245 4 0 _aLondon Connectivity Report
_bPart One Residential Tenancies
_h[electronic resource]
260 _aLondon
_bCluttons
_c2018
520 _aFirst in a series of two reports looking at connectivity issues in London carried out in conjunction with YouGov. Part 1 focuses on residential tenancies. With the increase in remote agile remote working businesses and households demand high levels of connectivity 24/7, broadbands speeds are important factors when selecting rented properties and renewing tenancies. (Part Two Commercial occupiers and landlords see L160164).
650 2 4 _aCONNECTIVITY
650 2 4 _aARTIFICIAL INTELLIGENCE
650 2 4 _aBROADBAND
650 2 4 _aAGILE WORKING
651 4 _aLondon
690 _aResidential property
_96266
856 4 0 _uhttps://www.cluttons.com/gb/documents/london-connectivity-report-part-one-residential-tenants-march-2018
_zView the item free of charge from the www.cluttons.com website.
942 _n0
999 _c116251
_d116251